Contabilidad Financiera (Registro nro. 50)
[ vista simple ]
| 000 -LEADER | |
|---|---|
| fixed length control field | 02121 a2200229 4500 |
| 001 - CONTROL NUMBER | |
| control field | 69 |
| 005 - DATE AND TIME OF LATEST TRANSACTION | |
| control field | 20260407155407.0 |
| 008 - FIXED-LENGTH DATA ELEMENTS--GENERAL INFORMATION | |
| fixed length control field | 260407a2005 arg spa d |
| 003 - CONTROL NUMBER IDENTIFIER | |
| control field | AR-UNSa-BCEJYS |
| 040 ## - CATALOGING SOURCE | |
| Original cataloging agency | AR-UNSa-BCEJYS |
| Language of cataloging | spa |
| Transcribing agency | AR-UNSa-BCEJYS |
| 080 ## - UNIVERSAL DECIMAL CLASSIFICATION NUMBER | |
| Universal Decimal Classification number | 657.41 |
| Common auxiliary subdivision | Contabilidad Financiera |
| 020 ## - INTERNATIONAL STANDARD BOOK NUMBER | |
| International Standard Book Number | 978-987-01-0391-2 |
| 100 1# - MAIN ENTRY--PERSONAL NAME | |
| Personal name | Biondi, Mario |
| 245 10 - TITLE STATEMENT | |
| Title | Contabilidad Financiera |
| 250 ## - EDITION STATEMENT | |
| Edition statement | 1a. ed |
| 264 #1 - PRODUCTION, PUBLICATION, DISTRIBUTION, MANUFACTURE, AND COPYRIGHT NOTICE | |
| Place of production, publication, distribution, manufacture | Buenos Aires : |
| Name of producer, publisher, distributor, manufacturer | Errepar |
| Date of production, publication, distribution, manufacture, or copyright notice | 2005 |
| 300 ## - PHYSICAL DESCRIPTION | |
| Extent | 936 p. |
| Dimensions | 21 cm |
| 505 ## - FORMATTED CONTENTS NOTE | |
| Formatted contents note | 1. Resumen de la reciente evolución de la legislación contable en la Argentina desde los "principios" a las "normas" 2. Los estados contables básicos de publicación 3. El tiempo en la vida de las empresas 4. Teoría contable básica 5. El balance general de presentación 6. El estado de resultados de publicación. Presentación formal 7. El estado de evolución del patrimonio neto de publicación. Presentación formal 8. Los estados de cambios en la posición financiera- El estado de flujo de efectivo 9. Los estados de cambios en la posición financiera - versión ampliada: El estado de cambios en el capital circulante 10. Estructura patrimonial de la empresa 11. Caja y bancos 12. Inversiones temporarias 13. Cuentas por cobrar 14. Bienes de cambio 15. Inversiones permanentes 16. Combinaciones de negocios 17. Bienes de uso o propiedades, plantas y equipos 18. Activos intangibles 19. Compromisos ciertos - cuentas por pagar - deudas 20. Pasivo contingente 21. Instrumentos financieros derivados 22. Otros pasivos 23. Operaciones en moneda extranjera 24. Capital propio - Patrimonio neto - Aportes de los propietarios 25. Los resultados del ejercicio económico 26. Corrección de la información contable "histórica" a moneda de cierre. Soluciones parciales 27. Soluciones integrales - Aplicación de la unidad de medida homogénea 28. Conversión de estados contables a moneda extranjera - Teoría y práctica |
| 590 ## - LOCAL NOTE (RLIN) | |
| Local note | niveau_biblio:m niveau_hierar:0 |
| 856 41 - ELECTRONIC LOCATION AND ACCESS | |
| Uniform Resource Identifier | <a href="https://biblioeco.unsa.edu.ar/pmb/images/libros/Contabilidad Financiera2-l116041.jpg">https://biblioeco.unsa.edu.ar/pmb/images/libros/Contabilidad Financiera2-l116041.jpg</a> |
| Link text | Imagen de portada |
| Electronic format type | image/jpeg |
| 942 ## - ADDED ENTRY ELEMENTS (KOHA) | |
| Koha item type | |
| Withdrawn status | Lost status | Damaged status | Not for loan | Home library | Current library | Shelving location | Date acquired | Total checkouts | Full call number | Barcode | Date last seen | Price effective from | Koha item type |
|---|---|---|---|---|---|---|---|---|---|---|---|---|---|
| Biblioteca Prof. Eusebio Cleto del Rey | Biblioteca Prof. Eusebio Cleto del Rey | 07/04/2026 | 657.41 B615 | L116041 | 07/04/2026 | 07/04/2026 | Libro | ||||||
| Biblioteca Prof. Eusebio Cleto del Rey | Biblioteca Prof. Eusebio Cleto del Rey | 07/04/2026 | 657.41 B615 | L116042 | 07/04/2026 | 07/04/2026 | Libro | ||||||
| Biblioteca Prof. Eusebio Cleto del Rey | Biblioteca Prof. Eusebio Cleto del Rey | 07/04/2026 | 657.41 B615 | L116043 | 07/04/2026 | 07/04/2026 | Libro | ||||||
| Biblioteca Prof. Eusebio Cleto del Rey | Biblioteca Prof. Eusebio Cleto del Rey | 07/04/2026 | 657.41 B615 | L116044 | 07/04/2026 | 07/04/2026 | Libro | ||||||
| Biblioteca Prof. Eusebio Cleto del Rey | Biblioteca Prof. Eusebio Cleto del Rey | 07/04/2026 | 657.41 B615 | L116045 | 07/04/2026 | 07/04/2026 | Libro |